| 000 | 00485nam a2200193 a 4500 | ||
|---|---|---|---|
| 001 | 1756961254618 | ||
| 003 | ACL | ||
| 005 | 20250904102017.0 | ||
| 008 | 250904s1985##################000#0#eng## | ||
| 020 | _a9780521278416 | ||
| 082 | 0 | 4 |
_a781 _bDAH |
| 100 | 1 |
_aDahlhaus, Carl, _eauthor. |
|
| 245 | 1 | 0 | _aRealism in Nineteenth-Century Music : |
| 260 |
_bCambridge University Press, _c1985. |
||
| 300 | _a140 pages | ||
| 650 | 0 | _aMusic. | |
| 942 | _cENGLISH | ||
| 040 |
_aACL _beng _cACL |
||
| 999 |
_c585282 _d585282 |
||